000 00486nam a22001697a 4500
005 20260513124933.0
008 260513b |||||||| |||| 00| 0 eng d
020 _a9781606499740
041 _aEng
082 _a330.015 EDW
100 _aEdwards, Jeffrey A.
245 _aBuilding Better Econometric Models Using Cross Section and Panel Data
260 _aNew York
_bBusiness Expert Press
_c2014
300 _a98;. P. 22 cm
650 _aEconometrics; Panel analysis
942 _cBK
999 _c46550
_d46550